ბათუმის შოთა რუსთაველის სახელმწიფო უნივერსიტეტის ბიბლიოთეკა

სიტყვები და საგნები = Les most et Les choses : (ბიბ.ჩანაწერი № 49175)

000 -ლიდერი
ფიქსირებული სიგრძის საკონტროლო ველი 01499nam a2200289Ia 4500
001 - საკონტროლო ნომერი
საკონტროლო ველი 16086
003 - საკონტროლო ნომრის იდენტიფიკატორი
საკონტროლო ველი GE_BSU
005 - ბოლო ოპერაციის თარიღი და დრო
საკონტროლო ველი 20241209172054.0
008 - ფიქსირებული სიგრძის მონაცემთა ელემენტები - ზოგადი ინფორმაცია
ფიქსირებული სიგრძის საკონტროლო ველი 181216s2004||||ge |||||||||||||| ||geo||
040 ## - კატალოგიზაციის წყარო
Transcribing agency GE_BSU
041 ## - ენის კოდი
Language code of text/sound track or separate title geo
080 ## - უნივერსალური ათობითი კლასიფიკაციის ინდექსი
Universal Decimal Classification number 1(44) ფ-97
100 ## - მთავარი ჩანაწერი - პიროვნების სახელი
Personal name ფუკო, მიშელ
9 (RLIN) 23932
245 ## - ცნობა სათაურის შესახებ
Title სიტყვები და საგნები = Les most et Les choses :
Remainder of title ჰუმანიტარულ მეცნიერებათა არქეოლოგია /
Statement of responsibility, etc მიშელ ფუკო ; თარგმნ. ფრანგ. დოდო ლაბუჩიძე-ხოფერია ; რედ. : ლალი ქადაგიძე.
250 ## - გამოცემის ცნობა
Edition statement 1-ლი ქართული გამოცემა
264 ## - წარმოების, გამოცემის, დისტრიბუციის და სხვა ცნობები
გამოცემის, წარმოების, დისტრიბუციის... ადგილი თბილისი :
გამოცემის, წარმოების, დისტრიბუციის... სახელწოდება დიოგენე,
გამოცემის, წარმოების, დისტრიბუციის... თარიღი 2004.
300 ## - ფიზიკური აღწერა
Extent 477გვ. ;
Dimensions 20 სმ.
504 ## - BIBLIOGRAPHY, ETC. NOTE
Bibliography, etc ბიბლიოგრაფ. ტექსტ. შენიშვნ.
653 ## - INDEX TERM--UNCONTROLLED
Uncontrolled term Les most et Les choses
653 ## - INDEX TERM--UNCONTROLLED
Uncontrolled term სიტყვები და საგნები
653 ## - INDEX TERM--UNCONTROLLED
Uncontrolled term ფრანგული ფილოსოფია
653 ## - INDEX TERM--UNCONTROLLED
Uncontrolled term პოსტმოდერნიზმი
653 ## - INDEX TERM--UNCONTROLLED
Uncontrolled term პოსტსტრუქტურალიზმი
700 ## - ADDED ENTRY--PERSONAL NAME
Personal name ლაბუჩიძე-ხოფერია, დოდო
Relator term თარგმ. ფრანგ.
9 (RLIN) 2228
700 ## - ADDED ENTRY--PERSONAL NAME
Personal name ქადაგიძე, ლალი
Relator term რედაქტორი
9 (RLIN) 10069
942 ## - ADDED ENTRY ELEMENTS (KOHA)
Koha item type წიგნი
Source of classification or shelving scheme
ეგზემპლარები
ჩამოწერის სტატუსი დაკარგული ეგზემპლარის სტატუსი კლასიფიკაციის წყარო ან თაროზე გაწყობის სქემა დაზიანების სტატუსი არ გაიცემა მუდმივი მდებარეობა (დაცვის ადგილი) ამჟამინდელი ადგილსამყოფელი თაროზე განთავსების ადგილი შეძენის თარიღი სრული შენახვის შიფრი შტრიხკოდი ბოლო ოპერაციის თარიღი ეგზემპლარის მიმდევრობითი ნომერი (კეტერი?) ფასის ძალაში შესვლის თარიღი ეგზემპლარის სახეობა
          ბათუმის შოთა რუსთაველის სახელმწიფო უნივერსიტეტის მთავარი ბიბლიოთეკა ბათუმის შოთა რუსთაველის სახელმწიფო უნივერსიტეტის მთავარი ბიბლიოთეკა წიგნსაცავი 2018-12-17 1(44) ფ-97 27515 2018-12-17 27515 2018-12-17 წიგნი